| Tag |
First Indicator |
Second Indicator |
Subfields |
| LEADER |
00000pam a2200000 a 4500 |
| 001 |
in00000542821 |
| 005 |
20160202094036.0 |
| 008 |
830706s1984 maua b 00110 eng |
| 010 |
|
|
|a 83011802
|
| 020 |
|
|
|a 0201088487 (pbk.)
|
| 035 |
|
|
|a (OCoLC)09762257
|
| 035 |
|
|
|9 ACH3466AM
|
| 039 |
0 |
|
|a 2
|b 3
|c 3
|d 3
|e 3
|
| 040 |
|
|
|a DLC
|c DLC
|d TXA
|d UtOrBLW
|
| 049 |
|
|
|a TXAM
|c [936409]
|
| 050 |
0 |
0 |
|a HF5548.4.U53
|b Y37 1984
|
| 082 |
0 |
|
|a 650/.028/5425
|2 19
|
| 100 |
1 |
|
|a Yates, Jean L.
|
| 245 |
1 |
4 |
|a The business guide to the UNIX system /
|c Jean L. Yates, Sandra L. Emerson.
|
| 264 |
|
1 |
|a Reading, Mass. :
|b Addison-Wesley Pub. Co.,
|c [1984]
|
| 264 |
|
4 |
|c ©1984
|
| 300 |
|
|
|a xxi, 474 pages :
|b illustrations ;
|c 24 cm.
|
| 336 |
|
|
|a text
|b txt
|2 rdacontent
|
| 337 |
|
|
|a unmediated
|b n
|2 rdamedia
|
| 338 |
|
|
|a volume
|b nc
|2 rdacarrier
|
| 490 |
1 |
|
|a Micro computer books
|
| 500 |
|
|
|a Includes indexes.
|
| 504 |
|
|
|a Bibliography: pages 441-447.
|
| 630 |
|
0 |
|a UNIX (Computer file)
|
| 650 |
|
0 |
|a Business
|x Data processing.
|
| 700 |
1 |
|
|a Emerson, Sandra L.,
|d 1947-
|
| 830 |
|
0 |
|a Micro computer books.
|
| 999 |
|
|
|a MARS
|
| 999 |
f |
f |
|s 24f492fc-ab02-392b-8c21-67f62f62df0e
|i 24ac5f48-2de4-3b8b-9e83-6f3351c833db
|t 0
|
| 952 |
f |
f |
|p ric
|a Texas A&M University
|b Rellis Campus
|c Joint Library Facility
|d Remote Storage
|t 0
|e HF5548.4.U53 Y37 1984
|h Library of Congress classification
|i unmediated -- volume
|m A14808793183
|
| 998 |
f |
f |
|a HF5548.4.U53 Y37 1984
|t 0
|l Remote Storage
|